000 01947nam a22003737a 4500
005 20091022104846.0
008 091022t xxu||||| |||| 00| 0 eng d
010 _aENG-95162 B-426780-782
020 _a9780070677517
_c350.00
020 _a0070677514
_c350.00
035 _aEN-78695 B-426780-782
037 _aDBAD/PUB
037 _aAllied Pub/Ven
040 _aDPL
082 _a658.5
100 _aTaguchi,Genichi
_d1924-
_927594
245 _aRobust Engineering
_cby Genichi Taguchi, Subir Chowdhury and Shin Taguchi
260 _aNew Delhi
_bTata McGraw Hill Education
_c2009
270 _a7 , West Patel Nagar
_bNew Delhi
_e110008
300 _axvi, 240 p.
_c22 cm.(PbK)
500 _aIncludes index
650 _aQuality control
_vCase studies.
_927595
650 _aProduction engineering
_vCase studies.
_927596
650 _aIndustrial design
_vCase studies.
_927597
650 _aTaguchi methods (Quality control)
_vCase studies.
_927598
700 _aChowdhury, Subir
_927599
700 _aTaguchi, Shin
_927600
942 _2ddc
_cEN
_mTAG
_h658.5
999 _c30986
_d30986